00413nam a2200109Ia 4500008004100000100002100041245011100062260003000173300001800203650001400221856006800235160712s9999 xx 000 0 und d aAvila, Ronita M. cRonita M. Avila, Lourdes R. BaetiongaMetacognitive Strategy Training and Teacher Attitude and Performance c2012bEducation Quarterly avol. 70 no. 1 xEDUCATION uhttp://journals.upd.edu.ph/index.php/edq/article/view/3394/3156